Surveyors' Institution accounts 1868-1891 (Record no. 99736)

MARC details
000 -LEADER
fixed length control field 00626cam a22001815a 4500
001 - CONTROL NUMBER
control field ##J100650
008 - FIXED-LENGTH DATA ELEMENTS--GENERAL INFORMATION
fixed length control field 000000s1891 000 0 eng u
035 ## - SYSTEM CONTROL NUMBER
System control number (Sirsi) u100650
041 0# - LANGUAGE CODE
Language code of text/sound track or separate title eng
050 04 - LIBRARY OF CONGRESS CALL NUMBER
Classification number 333.0062 $2 18
110 2# - MAIN ENTRY--CORPORATE NAME
Corporate name or jurisdiction name as entry element Surveyors' Institution
9 (RLIN) 3783
245 00 - TITLE STATEMENT
Title Surveyors' Institution accounts 1868-1891
260 ## - PUBLICATION, DISTRIBUTION, ETC.
Place of publication, distribution, etc. [S.l.]
Name of publisher, distributor, etc. [s.n.]
Date of publication, distribution, etc. 1891
300 ## - PHYSICAL DESCRIPTION
Extent 1
Type of unit v.
Dimensions 18cm.
520 ## - SUMMARY, ETC.
Summary, etc. Handwritten ledger detailing the cash received and paid out by various employees of the Institution.
690 ## - LOCAL SUBJECT ADDED ENTRY--TOPICAL TERM (OCLC, RLIN)
Topical term or geographic name as entry element ABOUT RICS-RICS STRUCTURE AND GOVERNANCE-RICS CORPORATE MANAGEMENT-RICS FINANCIAL MANAGEMENT
942 ## - ADDED ENTRY ELEMENTS (KOHA)
Suppress in OPAC 0
Holdings
Withdrawn status Lost status Source of classification or shelving scheme Damaged status Not for loan Home library Current library Shelving location Date acquired Total Checkouts Full call number Barcode Date last seen Copy number Price effective from Koha item type
    Dewey Decimal Classification     Historic collection Historic collection RICS Boxes 21/10/1999   RICS 1891/1 30059595 10/07/2023 1 06/08/2019 Archive